International relations 2014 contemporary issues of world economics and politics : conference proceedings : 15th international scientific conference : Smolenice Castle, 4th - 5th december 2014

Gespeichert in:
Bibliographische Detailangaben
Körperschaften: International relations 2014 : contemporary issues of world economics and politics. International scientific conference, Ekonomická univerzita v Bratislave. Fakulta medzinárodných vzťahov
Weitere Verfasser: Adašková, Daša, Strážovská, Helena, Terem, Peter
Format: Buch
Sprache:Slowakisch
Englisch
Tschechisch
Veröffentlicht: Bratislava Publishing house EKONÓM 2014
Ausgabe:1. vyd.
Schlagworte:
Tags: Tag hinzufügen
Keine Tags, Fügen Sie das erste Tag hinzu!

MARC

LEADER 00000nlm$a2200000$$$4500
001 0198838
005 20240502073347.6
020 |a 978-80-225-3980-7 
041 0 |a slo 
041 0 |a eng 
041 0 |a cze 
044 |a SK 
245 1 0 |a International relations 2014  |b contemporary issues of world economics and politics : conference proceedings : 15th international scientific conference : Smolenice Castle, 4th - 5th december 2014  |c editor: Daša Adašková 
250 |a 1. vyd. 
264 1 |a Bratislava  |b Publishing house EKONÓM  |c 2014 
300 |a CD-ROM [566 s., 45,04 AH] 
610 2 0 |a hospodárstvo svetové 
610 2 0 |a politika medzinárodná 
610 2 0 |a politika svetová 
610 2 0 |a vzťahy hospodárske medzinárodné 
610 2 0 |a vzťahy politické medzinárodné 
610 2 0 |a vzťahy interkultúrne 
700 1 |a Adašková, Daša 
700 1 |a Strážovská, Helena 
700 1 |a Terem, Peter 
110 2 |a International relations 2014 : contemporary issues of world economics and politics. International scientific conference 
710 2 |a Ekonomická univerzita v Bratislave. Fakulta medzinárodných vzťahov